| 000 | 00446nam a2200181Ia 4500 | ||
|---|---|---|---|
| 001 | 25432 | ||
| 005 | 20260414151150.0 | ||
| 008 | 260414t1991||||xx |||||||||||||| ||spa|| | ||
| 041 | _aESP | ||
| 082 |
_a346.5 _bR91 |
||
| 100 |
_aRubio Correa, Marcial _eAUT |
||
| 245 | 0 |
_aEl saber jurídico sobre la ignorancia humana _b |
|
| 260 | _c1991 | ||
| 300 |
_a319 páginas : _c20 cm. |
||
| 650 | _aDER | ||
| 654 | _aCDE | ||
| 942 |
_cLIB _dJUS _fJUS _2ddc _n |
||
| 999 |
_c25432 _d25432 |
||